Financial Mathematics for Actuaries

Saved in:
Bibliographic Details
Main Author: Chan, Wai-Sum
Other Authors: Tse, Yiu-Kuen
Format: Book
Language:English
Published: Singapore World Scientific 2018
Edition:2nd Edition
Subjects:
Tags: Add Tag
No Tags, Be the first to tag this record!

MARC

LEADER 00000nam a2200000 4500
001 0258366
005 20240221114039.4
020 |a 978-981-3224-67-4 
020 |a 978-981-3224-66-7 
041 0 |a eng 
044 |a SG 
245 1 0 |a Financial Mathematics for Actuaries  |c Wai-Sum Chan, Yiu-Kuen Tse 
250 |a 2nd Edition 
264 1 |a Singapore  |b World Scientific  |c 2018 
300 |a 353 s. 
610 2 0 |a matematika finančná 
610 2 0 |a aktuári 
610 2 0 |a úrok 
610 2 0 |a akumulácia 
610 2 0 |a peniaze 
610 2 0 |a hodnota 
610 2 0 |a spot 
610 2 0 |a forwardy 
610 2 0 |a úver 
610 2 0 |a pôžičky 
610 2 0 |a bondy 
610 2 0 |a miera úroková 
610 2 0 |a papiere cenné 
610 2 0 |a modely 
610 2 0 |a modelovanie ekonometrické 
610 2 0 |a matematika 
610 2 0 |a štatistika 
100 1 |a Chan, Wai-Sum 
700 1 |a Tse, Yiu-Kuen